000 00537 a2200193 4500
001 63086
005 20260407155926.0
008 260407a1967 arg spa d
003 AR-UNSa-BCEJYS
040 _aAR-UNSa-BCEJYS
_bspa
_cAR-UNSa-BCEJYS
080 _a378.4
_xUniversidades
245 1 0 _aEl distrito universitario
264 1 _aMadrid :
_bEscuela Nacional de Administración Pública
_c1967
300 _a64 p.
_c21 cm.
041 _aspa
942 _cBK
590 _aniveau_biblio:m niveau_hierar:0
100 1 _aGuaita, Aurelio
999 _c7986
_d7986